English Lyrics in Girls Will Be Girls by Itzy - Statistics

General Stats
  • This quiz has been taken 11 times
  • The average score is 262 of 315
Answer Stats
Lyrics % Correct
be
100%
Girls,
100%
girls
100%
Girls
100%
girls,
100%
will
100%
Will
100%
on
91%
yeah,
91%
yeah)
91%
yeah
91%
all
82%
All
82%
(All
82%
one,
82%
we
82%
(Ah,
73%
Ah,
73%
Count,
73%
I
73%
my
73%
scream
73%
scream)
73%
three,
73%
two,
73%
go,
64%
go
64%
hear
64%
here
64%
hero
64%
slay,
64%
slay
64%
trigger
64%
ego
55%
friend
55%
Giddy,
55%
giddy,
55%
Let
55%
me
55%
not
55%
our
55%
siren
55%
way
55%
you
55%
black
45%
city
45%
it
45%
Ooh,
45%
ooh,
45%
ooh
45%
out
45%
throw
45%
alright
36%
downtown
36%
drop
36%
going
36%
gonna
36%
keep
36%
paint
36%
sing
36%
syndrome
36%
synergy
36%
the
36%
to
36%
void
36%
We're
36%
we're
36%
Who
36%
You'll
36%
block?
27%
can
27%
Finally,
27%
glow
27%
hit
27%
road
27%
Street
27%
We'll
27%
blow
18%
hold
18%
onw,
9%
No matching quizzes found
Score Distribution
Percent of People with Each Score
Percentile by Number Answered
Your Score History
You have not taken this quiz